Tensor Valuations and Their Applications in Stochastic Geometry and Imaging (Запис № 448845)
[ простий вигляд ]
| 000 -LEADER | |
|---|---|
| fixed length control field | 04799nam a22006135i 4500 |
| 001 - CONTROL NUMBER | |
| control field | 978-3-319-51951-7 |
| 003 - CONTROL NUMBER IDENTIFIER | |
| control field | DE-He213 |
| 005 - DATE AND TIME OF LATEST TRANSACTION | |
| control field | 20210118134208.0 |
| 007 - PHYSICAL DESCRIPTION FIXED FIELD--GENERAL INFORMATION | |
| fixed length control field | cr nn 008mamaa |
| 008 - FIXED-LENGTH DATA ELEMENTS--GENERAL INFORMATION | |
| fixed length control field | 170610s2017 gw | s |||| 0|eng d |
| 020 ## - INTERNATIONAL STANDARD BOOK NUMBER | |
| International Standard Book Number | 9783319519517 |
| -- | 978-3-319-51951-7 |
| 024 7# - OTHER STANDARD IDENTIFIER | |
| Standard number or code | 10.1007/978-3-319-51951-7 |
| Source of number or code | doi |
| 050 #4 - LIBRARY OF CONGRESS CALL NUMBER | |
| Classification number | QA440-699 |
| 072 #7 - SUBJECT CATEGORY CODE | |
| Subject category code | PBM |
| Source | bicssc |
| 072 #7 - SUBJECT CATEGORY CODE | |
| Subject category code | MAT012000 |
| Source | bisacsh |
| 072 #7 - SUBJECT CATEGORY CODE | |
| Subject category code | PBM |
| Source | thema |
| 082 04 - DEWEY DECIMAL CLASSIFICATION NUMBER | |
| Classification number | 516 |
| Edition number | 23 |
| 245 10 - TITLE STATEMENT | |
| Title | Tensor Valuations and Their Applications in Stochastic Geometry and Imaging |
| Medium | [electronic resource] / |
| Statement of responsibility, etc | edited by Eva B. Vedel Jensen, Markus Kiderlen. |
| 250 ## - EDITION STATEMENT | |
| Edition statement | 1st ed. 2017. |
| 264 #1 - | |
| -- | Cham : |
| -- | Springer International Publishing : |
| -- | Imprint: Springer, |
| -- | 2017. |
| 300 ## - PHYSICAL DESCRIPTION | |
| Extent | XIV, 462 p. 25 illus., 16 illus. in color. |
| Other physical details | online resource. |
| 336 ## - | |
| -- | text |
| -- | txt |
| -- | rdacontent |
| 337 ## - | |
| -- | computer |
| -- | c |
| -- | rdamedia |
| 338 ## - | |
| -- | online resource |
| -- | cr |
| -- | rdacarrier |
| 347 ## - | |
| -- | text file |
| -- | |
| -- | rda |
| 490 1# - SERIES STATEMENT | |
| Series statement | Lecture Notes in Mathematics, |
| Міжнародний стандартний серійний номер для назви серії (ISSN) | 0075-8434 ; |
| Том/ позначення послідовності | 2177 |
| 505 0# - FORMATTED CONTENTS NOTE | |
| Formatted contents note | 1 Valuations on Convex Bodies – the Classical Basic Facts: Rolf Schneider -- 2 Tensor Valuations and Their Local Versions: Daniel Hug and Rolf Schneider -- 3 Structures on Valuations: Semyon Alesker -- 4 Integral Geometry and Algebraic Structures for Tensor Valuations: Andreas Bernig and Daniel Hug -- 5 Crofton Formulae for Tensor-Valued Curvature Measures: Daniel Hug and Jan A. Weis -- 6 A Hadwiger-Type Theorem for General Tensor Valuations: Franz E. Schuster -- 7 Rotation Invariant Valuations: Eva B.Vedel Jensen and Markus Kiderlen -- 8 Valuations on Lattice Polytopes: Károly J. Böröczky and Monika Ludwig -- 9 Valuations and Curvature Measures on Complex Spaces: Andreas Bernig -- 10 Integral Geometric Regularity: Joseph H.G. Fu -- 11 Valuations and Boolean Models: Julia Hörrmann and Wolfgang Weil -- 12 Second Order Analysis of Geometric Functionals of Boolean Models: Daniel Hug, Michael A. Klatt, Günter Last and Matthias Schulte -- 13 Cell Shape Analysis of Random Tessellations Based on Minkowski Tensors: Michael A. Klatt, Günter Last, Klaus Mecke, Claudia Redenbach, Fabian M. Schaller, Gerd E. Schröder-Turk -- 14 Stereological Estimation of Mean Particle Volume Tensors in R3 from Vertical Sections: Astrid Kousholt, Johanna F. Ziegel, Markus Kiderlen -- 15 Valuations in Image Analysis: Anne Marie Svane. |
| 520 ## - SUMMARY, ETC. | |
| Summary, etc | The purpose of this volume is to give an up-to-date introduction to tensor valuations and their applications. Starting with classical results concerning scalar-valued valuations on the families of convex bodies and convex polytopes, it proceeds to the modern theory of tensor valuations. Product and Fourier-type transforms are introduced and various integral formulae are derived. New and well-known results are presented, together with generalizations in several directions, including extensions to the non-Euclidean setting and to non-convex sets. A variety of applications of tensor valuations to models in stochastic geometry, to local stereology and to imaging are also discussed. |
| 506 ## - RESTRICTIONS ON ACCESS NOTE | |
| Terms governing access | Available to subscribing member institutions only. Доступно лише організаціям членам підписки. |
| 506 ## - RESTRICTIONS ON ACCESS NOTE | |
| Standardized terminology for access restriction | Online access from local network of NaUOA. |
| 506 ## - RESTRICTIONS ON ACCESS NOTE | |
| Standardized terminology for access restriction | Online access with authorization at https://link.springer.com/ |
| 506 ## - RESTRICTIONS ON ACCESS NOTE | |
| Standardized terminology for access restriction | Онлайн-доступ з локальної мережі НаУОА. |
| 506 ## - RESTRICTIONS ON ACCESS NOTE | |
| Standardized terminology for access restriction | Онлайн доступ з авторизацією на https://link.springer.com/ |
| 650 #0 - SUBJECT ADDED ENTRY--TOPICAL TERM | |
| Topical term or geographic name as entry element | Geometry. |
| 650 #0 - SUBJECT ADDED ENTRY--TOPICAL TERM | |
| Topical term or geographic name as entry element | Manifolds (Mathematics). |
| 650 #0 - SUBJECT ADDED ENTRY--TOPICAL TERM | |
| Topical term or geographic name as entry element | Complex manifolds. |
| 650 #0 - SUBJECT ADDED ENTRY--TOPICAL TERM | |
| Topical term or geographic name as entry element | Probabilities. |
| 650 14 - SUBJECT ADDED ENTRY--TOPICAL TERM | |
| Topical term or geographic name as entry element | Geometry. |
| -- | http://scigraph.springernature.com/things/product-market-codes/M21006 |
| 650 24 - SUBJECT ADDED ENTRY--TOPICAL TERM | |
| Topical term or geographic name as entry element | Manifolds and Cell Complexes (incl. Diff.Topology). |
| -- | http://scigraph.springernature.com/things/product-market-codes/M28027 |
| 650 24 - SUBJECT ADDED ENTRY--TOPICAL TERM | |
| Topical term or geographic name as entry element | Probability Theory and Stochastic Processes. |
| -- | http://scigraph.springernature.com/things/product-market-codes/M27004 |
| 700 1# - ADDED ENTRY--PERSONAL NAME | |
| Personal name | Jensen, Eva B. Vedel. |
| Relator term | editor. |
| Relator code | edt |
| -- | http://id.loc.gov/vocabulary/relators/edt |
| 700 1# - ADDED ENTRY--PERSONAL NAME | |
| Personal name | Kiderlen, Markus. |
| Relator term | editor. |
| Relator code | edt |
| -- | http://id.loc.gov/vocabulary/relators/edt |
| 710 2# - ADDED ENTRY--CORPORATE NAME | |
| Corporate name or jurisdiction name as entry element | SpringerLink (Online service) |
| 773 0# - HOST ITEM ENTRY | |
| Title | Springer eBooks |
| 776 08 - ADDITIONAL PHYSICAL FORM ENTRY | |
| Display text | Printed edition: |
| International Standard Book Number | 9783319519500 |
| 776 08 - ADDITIONAL PHYSICAL FORM ENTRY | |
| Display text | Printed edition: |
| International Standard Book Number | 9783319519524 |
| 830 #0 - SERIES ADDED ENTRY--UNIFORM TITLE | |
| Uniform title | Lecture Notes in Mathematics, |
| -- | 0075-8434 ; |
| Volume number/sequential designation | 2177 |
| 856 40 - ELECTRONIC LOCATION AND ACCESS | |
| Uniform Resource Identifier | <a href="https://doi.org/10.1007/978-3-319-51951-7">https://doi.org/10.1007/978-3-319-51951-7</a> |
| 912 ## - | |
| -- | ZDB-2-SMA |
| 912 ## - | |
| -- | ZDB-2-LNM |
| 942 ## - ADDED ENTRY ELEMENTS (KOHA) | |
| Koha item type | ЕКнига |
Немає доступних примірників.